=LDR 00000nam 2200000 4500 =001 INLIS000000000012947 =005 20130612104422 =008 ***********************************Ind** =035 ##$$0010-061300000012947 =041 ##$$a Ind =082 ##$$a 362.759824 9 =090 ##$$a 362.759 824 9 , Min p =100 ##$$a Sri mintasih =245 ##$$a Pengetahuan,sikap,Kepercayaan dan prilaku budaya tradisional pada generasi muda di kota Surabaya , Sri mintasih,Ita Novita =260 ##$$a 1997 $b Jakarta =300 ##$$a XIII, 101 hlm, ilusAc21 cm =650 ##$$a Generasi muda surabaya =850 ##$$a NBPNMAT